Kodansha encyclopedia of Japan. (رقم التسجيلة. 135397)

تفاصيل مارك
000 -LEADER
fixed length control field 01340cam a2200433 a 4500
008 - FIXED-LENGTH DATA ELEMENTS--GENERAL INFORMATION
fixed length control field 830809s1983 ja a e 001 0 eng
010 ## - LIBRARY OF CONGRESS CONTROL NUMBER
LC control number 83080778
020 ## - INTERNATIONAL STANDARD BOOK NUMBER
International Standard Book Number 0870116207 (U.S. : set) :
Terms of availability $550.00
020 ## - INTERNATIONAL STANDARD BOOK NUMBER
Canceled/invalid ISBN 0870116207 (sET)
020 ## - INTERNATIONAL STANDARD BOOK NUMBER
Canceled/invalid ISBN 0870116215 (U.S. : v. 1)
020 ## - INTERNATIONAL STANDARD BOOK NUMBER
Canceled/invalid ISBN 0870116223 (U.S. : v. 2)
020 ## - INTERNATIONAL STANDARD BOOK NUMBER
Canceled/invalid ISBN 0870116231 (U.S. : v. 3)
020 ## - INTERNATIONAL STANDARD BOOK NUMBER
Canceled/invalid ISBN 087011624X (U.S. : v. 4)
020 ## - INTERNATIONAL STANDARD BOOK NUMBER
Canceled/invalid ISBN 0870116258 (U.S. : v. 5)
020 ## - INTERNATIONAL STANDARD BOOK NUMBER
Canceled/invalid ISBN 0870116266 (U.S. : v. 6)
020 ## - INTERNATIONAL STANDARD BOOK NUMBER
Canceled/invalid ISBN 0870116274 (U.S. : v. 7)
020 ## - INTERNATIONAL STANDARD BOOK NUMBER
Canceled/invalid ISBN 0870116282 (U.S. : v. 8)
020 ## - INTERNATIONAL STANDARD BOOK NUMBER
Canceled/invalid ISBN 0870116290 (U.S. : v. 9)
020 ## - INTERNATIONAL STANDARD BOOK NUMBER
Canceled/invalid ISBN 0870118145 (Supplement)
040 ## - CATALOGING SOURCE
Original cataloging agency DLC
Transcribing agency DLC
Modifying agency DLC
043 ## - GEOGRAPHIC AREA CODE
Geographic area code a-ja---
050 00 - LIBRARY OF CONGRESS CALL NUMBER
Classification number DS805
Item number .K633 1983
082 00 - DEWEY DECIMAL CLASSIFICATION NUMBER
Classification number 952.00321
Edition number 19
092 04 - LOCALLY ASSIGNED DEWEY CALL NUMBER (OCLC)
Classification number 952.00321
Item number K769 1983
Edition number 21
099 ## - LOCAL FREE-TEXT CALL NUMBER (OCLC)
Classification number 04
-- 952.00321 K769 1983
245 00 - TITLE STATEMENT
Title Kodansha encyclopedia of Japan.
250 ## - EDITION STATEMENT
Edition statement 1st ed.
260 ## - PUBLICATION, DISTRIBUTION, ETC.
Place of publication, distribution, etc. Tokyo ;
-- New York, N.Y. :
Name of publisher, distributor, etc. Kodansha,
Date of publication, distribution, etc. 1983.
300 ## - PHYSICAL DESCRIPTION
Extent 9 v. :
Other physical details ill. ;
Dimensions 29 cm.+ 1(Supplement)
500 ## - GENERAL NOTE
General note Includes index.
651 #0 - SUBJECT ADDED ENTRY--GEOGRAPHIC NAME
Geographic name Japan
General subdivision Encyclopedias.
710 2# - ADDED ENTRY--CORPORATE NAME
Corporate name or jurisdiction name as entry element Kodansha.
740 0# - ADDED ENTRY--UNCONTROLLED RELATED/ANALYTICAL TITLE
Uncontrolled related/analytical title Encyclopedia of Japan.
902 ## - LOCAL DATA ELEMENT B, LDB (RLIN)
No. of Items 1
905 ## - LOCAL DATA ELEMENT E, LDE (RLIN)
Cataloger Eman
Reviser Rev.
905 ## - LOCAL DATA ELEMENT E, LDE (RLIN)
Cataloger Jamal
Reviser Cat.
942 ## - ADDED ENTRY ELEMENTS (KOHA)
Source of classification or shelving scheme Dewey Decimal Classification
Koha item type Books
المقتنيات
Source of classification or shelving scheme Not for loan Home library Current library Date acquired Full call number Barcode Date last seen Copy number Koha item type
Dewey Decimal Classification   المكتبة المركزبة الجديدة - جامعة القاهرة قاعة الثقاقات الاجنبية - الدور الثالث 11.02.2024 952.00321 K769 1983 Supp. Ref. Jap. 01000115000131010 05.07.2024 C.1 Reference
Dewey Decimal Classification   المكتبة المركزبة الجديدة - جامعة القاهرة قاعة الثقاقات الاجنبية - الدور الثالث 11.02.2024 952.00321 K769 1983 v.1 Ref. Jap. 01000115000131001 05.07.2024 C.1 Reference
Dewey Decimal Classification   المكتبة المركزبة الجديدة - جامعة القاهرة قاعة الثقاقات الاجنبية - الدور الثالث 11.02.2024 952.00321 K769 1983 v.2 Ref. Jap. 01000115000131002 05.07.2024 C.1 Reference
Dewey Decimal Classification   المكتبة المركزبة الجديدة - جامعة القاهرة قاعة الثقاقات الاجنبية - الدور الثالث 11.02.2024 952.00321 K769 1983 v.3 Ref. Jap. 01000115000131003 05.07.2024 C.1 Reference
Dewey Decimal Classification   المكتبة المركزبة الجديدة - جامعة القاهرة قاعة الثقاقات الاجنبية - الدور الثالث 11.02.2024 952.00321 K769 1983 v.4 Ref. Jap. 01000115000131004 05.07.2024 C.1 Reference
Dewey Decimal Classification   المكتبة المركزبة الجديدة - جامعة القاهرة قاعة الثقاقات الاجنبية - الدور الثالث 11.02.2024 952.00321 K769 1983 v.5 Ref. Jap. 01000115000131005 05.07.2024 C.1 Reference
Dewey Decimal Classification   المكتبة المركزبة الجديدة - جامعة القاهرة قاعة الثقاقات الاجنبية - الدور الثالث 11.02.2024 952.00321 K769 1983 v.6 Ref. Jap. 01000115000131006 05.07.2024 C.1 Reference
Dewey Decimal Classification   المكتبة المركزبة الجديدة - جامعة القاهرة قاعة الثقاقات الاجنبية - الدور الثالث 11.02.2024 952.00321 K769 1983 v.7 Ref. Jap. 01000115000131007 05.07.2024 C.1 Reference
Dewey Decimal Classification   المكتبة المركزبة الجديدة - جامعة القاهرة قاعة الثقاقات الاجنبية - الدور الثالث 11.02.2024 952.00321 K769 1983 v.8 Ref. Jap. 01000115000131008 05.07.2024 C.1 Reference
Dewey Decimal Classification   المكتبة المركزبة الجديدة - جامعة القاهرة قاعة الثقاقات الاجنبية - الدور الثالث 11.02.2024 952.00321 K769 1983 v.9 index Ref. Jap. 01000115000131009 05.07.2024 C.1 Reference
Cairo University Libraries Portal Implemented & Customized by: Eng. M. Mohamady Contacts: new-lib@cl.cu.edu.eg | cnul@cl.cu.edu.eg
CUCL logo CNUL logo
© All rights reserved — Cairo University Libraries
CUCL logo
Implemented & Customized by: Eng. M. Mohamady Contact: new-lib@cl.cu.edu.eg © All rights reserved — New Central Library
CNUL logo
Implemented & Customized by: Eng. M. Mohamady Contact: cnul@cl.cu.edu.eg © All rights reserved — Cairo National University Library